L'home et son oluore / (Record no. 30886)

MARC details
000 -LEADER
campo de control de longitud fija 00578nam a2200205 i 4500
001 - NÚMERO DE CONTROL
campo de control 30886
003 - IDENTIFICADOR DE NÚMERO DE CONTROL
campo de control ES-MaACL
005 - FECHA Y HORA DE LA ÚLTIMA TRANSACCIÓN
campo de control 20240426115611.0
007 - CAMPO FIJO DE DESCRIPCIÓN FÍSICA--INFORMACIÓN GENERAL
campo de control de longitud fija t|
008 - DATOS DE LONGITUD FIJA--INFORMACIÓN GENERAL
campo de control de longitud fija 030127s1908 fr ||||1| fre d
100 1# - ENTRADA PRINCIPAL--NOMBRE DE PERSONA
Nombre de persona Bazalgette, Leon.
9 (RLIN) 26730
245 12 - MENCIÓN DEL TÍTULO
Título L'home et son oluore /
Mención de responsabilidad, etc. Leon Bazalgette, Walt Whitman.
250 ## - MENCION DE EDICION
Mención de edición 2eme ed.
260 ## - PUBLICACIÓN, DISTRIBUCIÓN, ETC.
Lugar de publicación, distribución, etc. París :
Nombre del editor, distribuidor, etc. Mercure de France,
Fecha de publicación, distribución, etc. 1908.
300 ## - DESCRIPCIÓN FÍSICA
Extensión XI, 514 p., 1 lám. ;
Dimensiones 22 cm.
700 0# - ENTRADA AGREGADA--NOMBRE PERSONAL
Nombre de persona Whitman, Walt,
Fechas asociadas al nombre 1819-1892
9 (RLIN) 116708
852 ## - LOCALIZACIÓN
Ubicación ES-MaACL
Número de control de estantería F-6612
852 ## - LOCALIZACIÓN
Ubicación ES-MaACL
Número de control de estantería G-6700
Holdings
Estatus retirado Estado de pérdida Estado de daño No para préstamo Biblioteca de origen Biblioteca actual Ubicación en estantería Fecha de adquisición Fuente de adquisición Total de préstamos Signatura topográfica completa Código de barras Visto por última vez Precio de reemplazo Tipo de ítem Koha
        Biblioteca del Ateneo de Madrid Biblioteca del Ateneo de Madrid Depósito 2 17/01/2008     G-6700 1031908 23/02/2023 23/02/2023 Libro impreso
        Biblioteca del Ateneo de Madrid Biblioteca del Ateneo de Madrid Depósito 2 17/01/2008     F-6612 1031907 23/02/2023 23/02/2023 Libro impreso